| 000 | 01230nam a2200229Ii 4500 | ||
|---|---|---|---|
| 003 | JO-AjNU | ||
| 005 | 20240623114743.0 | ||
| 008 | 230605s9999||||xx |||||||||||||| ||und|| | ||
| 040 |
_aJO-AjNU _bara _erda _cJO-AjNU |
||
| 041 | _aara | ||
| 050 | 1 | 4 | _aBP152 2016 |
| 100 | 3 |
_aاعداد القدومي، احمد محمود يوسف؛ موفق محمد الدلالعة, _eauthor _957819 |
|
| 245 | 0 | 0 | _aالبناية في شرح الهداية للامام بدر الدين العيني من باب الاعتكاف الى فصل في دواعي الجماع (دراسة وتحقيق)=Study and editing of apart Albinayah Fi Sharh Alhidayah For Imam Badralddin Alayni Al-atikaf- Copulation's Reasons Chapters(Text Editing And Studying) |
| 264 | 3 | 1 | _a2016 |
| 300 | _a573 ورقة | ||
| 336 |
_atext _btxt _2rdacontent |
||
| 337 |
_aunmediated _bn _2rdamedia |
||
| 338 |
_avolume _bnc _2rdacarrier |
||
| 500 | _aرسالة جامعية (دكتوراة في تخصص الفقه واصوله)--جامعة العلوم الاسلامية العالمية، كلية الدراسات العليا، عمان)، 2016، يشتمل على ببلوغرافيا | ||
| 650 | 4 |
_aالفقه - فقه الحنفي _957820 |
|
| 942 |
_2lcc _cTHS |
||
| 999 |
_c29501 _d29501 |
||